000 00583nam a2200229Ia 4500
003 OSt
005 20221005121341.0
006 a|||||r|||| 00| 0
007 ta
008 221004b |||||||| |||| 00| 0 kan d
024 _a62052
037 _cTextual
040 _aCRL
_cCRL
_bkan
041 _2kan
_akan
082 _aY15:7:7.2, 33G5
100 _aHonnamma Sanchiya Au.
_9630445
245 0 _aHadhibadheya dharmam
260 _c1935
650 _aSOCIOLOGY
942 _hY15:7:7.2, 33G5
_cTEXL
_2cc
999 _c1040867
_d1040867